[Event "PUR-ch"]
[Site "Bayamon"]
[Date "2013.06.01"]
[Round "7"]
[White "Lugo Medina, Joan"]
[Black "Sosa Pacheco, Luis M"]
[Result "0-1"]
[WhiteElo "1674"]
[BlackElo "1696"]
[PlyCount "90"]
[EventDate "2013.05.24"]
[EventType "swiss"]
[EventRounds "9"]
[EventCountry "PUR"]
[SourceTitle "CBM 154 Extra"]
[Source "ChessBase"]
[SourceDate "2013.06.25"]
[SourceVersion "2"]
[SourceVersionDate "2013.06.25"]
[SourceQuality "1"]

1. e4 e6 2. d4 d5 3. e5 c5 4. c3 Nc6 5. Nf3 Bd7 6. Be2 Nge7 7. 0-0 Nf5 8. Na3 cxd4 9. cxd4 Bxa3 10. bxa3 0-0 11. Bb2 Rc8 12. Bd3 Nh4 13. Nxh4 Qxh4 14. f4 f6 15. Rf3 h6 16. Qd2 fxe5 17. dxe5 Ne7 18. Raf1 Nf5 19. Rh3 Qd8 20. Bxf5 Rxf5 21. Qf2 Bb5 22. Rc1 Rxc1+ 23. Bxc1 Qc7 24. Bd2 Qc2 25. Rc3 Qd1+ 26. Qe1 Qxe1+ 27. Bxe1 Rxf4 28. Rc8+ Kh7 29. Bf2 Ra4 30. Bc5 Rc4 31. Rc7 Rc2 32. Bd6 Bc6 33. Bf8 Kg8 34. Bxg7 d4 35. Bxh6 d3 36. Rg7+ Kh8 37. Rg3 d2 38. Bxd2 Rxd2 39. Rg6 Rxa2 40. h4 Bd5 41. h5 Rxg2+ 42. Rxg2 Bxg2 43. Kxg2 Kh7 44. Kg3 Kh6 45. Kg4 b5 0-1

[Event "PUR-ch"]
[Site "Bayamon"]
[Date "2013.06.01"]
[Round "6"]
[White "Sosa Pacheco, Luis M"]
[Black "Vazquez Maccarini, Danitza"]
[Result "0-1"]
[WhiteElo "1696"]
[BlackElo "1841"]
[PlyCount "58"]
[EventDate "2013.05.24"]
[EventType "swiss"]
[EventRounds "9"]
[EventCountry "PUR"]
[SourceTitle "CBM 154 Extra"]
[Source "ChessBase"]
[SourceDate "2013.06.25"]
[SourceVersion "2"]
[SourceVersionDate "2013.06.25"]
[SourceQuality "1"]

1. e4 c5 2. Nc3 e6 3. f4 a6 4. d3 Nc6 5. g3 d5 6. e5 Nge7 7. Bg2 Nf5 8. Nf3 b5 9. 0-0 Bb7 10. Ne2 Qb6 11. Kh1 Be7 12. c4 dxc4 13. dxc4 Rd8 14. Qc2 Nb4 15. Qb1 Qa7 16. cxb5 axb5 17. a3 Nc6 18. Nc3 Ncd4 19. Nxd4 Bxg2+ 20. Kxg2 Nxd4 21. a4 b4 22. Ne4 Qa6 23. Re1 b3 24. Be3 Nc2 25. Bxc5 Nxe1+ 26. Qxe1 Bxc5 27. Nxc5 Qc6+ 28. Ne4 0-0 29. Kh3 Qc2 0-1

[Event "PUR-ch"]
[Site "Bayamon"]
[Date "2013.05.26"]
[Round "4"]
[White "Freyre Forest, Jorge"]
[Black "Sosa Pacheco, Luis M"]
[Result "1-0"]
[WhiteElo "2105"]
[BlackElo "1696"]
[PlyCount "86"]
[EventDate "2013.05.24"]
[EventType "swiss"]
[EventRounds "9"]
[EventCountry "PUR"]
[SourceTitle "CBM 154 Extra"]
[Source "ChessBase"]
[SourceDate "2013.06.25"]
[SourceVersion "2"]
[SourceVersionDate "2013.06.25"]
[SourceQuality "1"]

1. d4 Nf6 2. Nf3 g6 3. g3 Bg7 4. Bg2 d5 5. c4 c6 6. Nc3 0-0 7. 0-0 Re8 8. Ne5 Be6 9. f4 Nbd7 10. cxd5 cxd5 11. e3 Rc8 12. Qb3 Nb6 13. Qa3 a6 14. Bd2 Nc4 15. Nxc4 Rxc4 16. Rac1 Qc7 17. b3 Rc6 18. Na4 Ne4 19. Rxc6 Qxc6 20. Rc1 Qb5 21. Bf1 Qd7 22. Nc5 Nxc5 23. Rxc5 h5 24. Qc1 Rc8 25. Bg2 Rxc5 26. Qxc5 Qc6 27. Qxc6 bxc6 28. Bb4 Kf8 29. Kf2 Ke8 30. Ke1 Bf5 31. Kd2 Kd8 32. Kc3 Bf6 33. Bf1 Bc8 34. Bc5 Kc7 35. Kb4 e6 36. Ka5 Bd8 37. Bb6+ Kd7 38. Bxd8 Kxd8 39. Bxa6 Bxa6 40. Kxa6 f6 41. Kb6 Kd7 42. a4 e5 43. a5 Ke6 1-0

[Event "PUR-ch"]
[Site "Bayamon"]
[Date "2013.05.24"]
[Round "1"]
[White "Montanez Nazario, Robert"]
[Black "Sosa Pacheco, Luis M"]
[Result "1-0"]
[WhiteElo "2134"]
[BlackElo "1696"]
[PlyCount "99"]
[EventDate "2013.05.24"]
[EventType "swiss"]
[EventRounds "9"]
[EventCountry "PUR"]
[SourceTitle "CBM 154 Extra"]
[Source "ChessBase"]
[SourceDate "2013.06.25"]
[SourceVersion "2"]
[SourceVersionDate "2013.06.25"]
[SourceQuality "1"]

1. e4 e6 2. d4 d5 3. Nc3 Bb4 4. e5 c5 5. Qg4 g6 6. a3 Bxc3+ 7. bxc3 Qa5 8. Bd2 Qa4 9. Ra2 Nc6 10. Nf3 c4 11. Be2 Bd7 12. Qf4 h6 13. 0-0 0-0-0 14. Rb1 Nge7 15. Be1 g5 16. Qc1 Ng6 17. Qb2 Na5 18. Qb4 Qxb4 19. axb4 Nc6 20. b5 Nb8 21. Rxa7 Kc7 22. Bd2 Bc8 23. Bc1 Nd7 24. Ba3 f5 25. exf6 Nxf6 26. Bb4 Rdg8 27. Ba5+ Kd7 28. Nd2 h5 29. Bb6 g4 30. g3 h4 31. Bf1 Ne7 32. Bg2 Nf5 33. Re1 Nh7 34. Re5 Nf6 35. Nxc4 dxc4 36. Bxb7 Bxb7 37. Rxb7+ Kc8 38. Rc7+ Kb8 39. Rxc4 hxg3 40. hxg3 Re8 41. Rc6 Rh7 42. Rexe6 Reh8 43. Kf1 Nd7 44. Bc7+ Kb7 45. Bf4 Rc8 46. Ke2 Ne7 47. Rcd6 Nf8 48. Rb6+ Ka7 49. Ra6+ Kb7 50. Reb6# 1-0